Новое собрание сочинений. Золотой век (Запись № 13740067)
[ простой вид ]
| 000 -МАРКЕР | |
|---|---|
| контрольное поле | 02784ncm2a2200469 4500 |
| 001 - ИДЕНТИФИКАТОР ЗАПИСИ | |
| контрольное поле | RU\NLR\ONIZ\216128 |
| 005 - ИДЕНТИФИКАТОР ВЕРСИИ | |
| контрольное поле | 20260628170251.0 |
| 013 ## - МЕЖДУНАРОДНЫЙ СТАНДАРТНЫЙ НОМЕР ИЗДАНИЯ МУЗЫКАЛЬНОГО ПРОИЗВЕДЕНИЯ (ISMN) | |
| Номер (ISMN) | 979-0-706364-24-7 |
| 021 ## - НОМЕР ГОСУДАРСТВЕННОЙ РЕГИСТРАЦИИ | |
| Код страны | Российская Федерация |
| Номер | 11-272н |
| Номер Листа государственной регистраци | 11-23н |
| 035 ## - ДРУГИЕ СИСТЕМНЫЕ НОМЕРА | |
| Идентификатор записи | (NLR Aleph) 011338477 |
| 071 20 - ИЗДАТЕЛЬСКИЙ НОМЕР | |
| Номер, присвоенный агентством | DSCH |
| 100 ## - ДАННЫЕ ОБЩЕЙ ОБРАБОТКИ | |
| Данные общей обработки | 20131111d2011 |||y0rusy50 ca |
| 101 0# - ЯЗЫК РЕСУРСА | |
| Язык текста, звукозаписи и т.д. | английский |
| -- | русский |
| 125 ## - ПОЛЕ КОДИРОВАННЫХ ДАННЫХ: ЗВУКОЗАПИСИ И НОТНЫЕ ИЗДАНИЯ | |
| Форма изложения нотного текста | ax |
| 128 ## - ПОЛЕ КОДИРОВАННЫХ ДАННЫХ: МУЗЫКАЛЬНАЯ ФОРМА, ТОНАЛЬНОСТЬ И ЛАД | |
| Музыкальная форма | bt |
| 145 0# - ПОЛЕ КОДИРОВАННЫХ ДАННЫХ: СРЕДСТВО ИСПОЛНЕНИЯ МУЗЫКАЛЬНОГО ПРОИЗВЕДЕНИЯ (УСТАРЕВШЕЕ) | |
| Тип средства исполнения | b |
| 200 1# - ЗАГЛАВИЕ И СВЕДЕНИЯ ОБ ОТВЕТСТВЕННОСТИ | |
| Основное заглавие | Золотой век |
| Параллельное заглавие | The golden age |
| Сведения, относящиеся к заглавию | балет в 3 д. 6 картинах |
| -- | соч. 22 |
| Обозначение и номер части | Д. 1-е и 2-е |
| Первые сведения об ответственности | либр. А. Ивановского |
| Последующие сведения об ответственности | общ. ред. и пояснит. ст. М. Якубова |
| Язык параллельного заглавия | английский |
| 208 ## - ОБЛАСТЬ СПЕЦИФИЧЕСКИХ СВЕДЕНИЙ: НОТНЫЕ ИЗДАНИЯ | |
| Форма изложения нотного текста | Партитура |
| 210 ## - ПУБЛИКАЦИЯ, РАСПРОСТРАНЕНИЕ И ДР. | |
| Дата издания, распространения и т.д. | 2011 |
| 215 ## - ФИЗИЧЕСКАЯ ХАРАКТЕРИСТИКА | |
| Специфическое обозначение материала и объем | 493 с. |
| 225 1# - СЕРИЯ | |
| Основное заглавие серии | Новое собрание сочинений |
| Сведения, относящиеся к заглавию | в 150 т. |
| Обозначение или номер части | Сер. 4 |
| Наименование части | Сочинения для музыкального театра |
| Обозначение тома | т.60 а |
| 461 #0 - УРОВЕНЬ НАБОРА | |
| Встроенное поле | 001RU\NLR\ONIZ\197530 |
| -- | 2001#$aНовое собрание сочинений$eв 150 т.$dNew collected works$ein 150 vol.$zeng$fД. Шостакович$gобщ. ред. М. Якубова$v |
| -- | 700#1$9z04790$aШостакович$bД. Д.$gДмитрий Дмитриевич$f1906-1975$4230$7ca |
| Системный номер (АБИС) связанной записи | 9725507 |
| Автор | Шостакович, Д. Д. (1906-1975) |
| Место публикации | Москва |
| Дата публикации | cop. 2000- |
| Первые сведения об ответственности | Д. Шостакович |
| Параллельное заглавие | New collected works |
| Имя издателя, распространителя и т.д. | DSCH |
| Сведения, относящиеся к заглавию | в 150 т. : in 150 vol. |
| Заглавие | Новое собрание сочинений |
| 462 #0 - УРОВЕНЬ ПОДНАБОРА | |
| Встроенное поле | 001RU\NLR\ONIZ\197564 |
| -- | 2001#$aСочинения для музыкального театра$dCompositions for the stage$zeng$vТ.60 а |
| Системный номер (АБИС) связанной записи | 9725656 |
| Дата публикации | 2008- |
| Параллельное заглавие | Compositions for the stage |
| Заглавие | Новое собрание сочинений. - Сочинения для музыкального театра |
| Номер тома | Т.60 а |
| 606 1# - НАИМЕНОВАНИЕ ТЕМЫ КАК ПРЕДМЕТ | |
| Наименование темы | Балеты русские советские |
| Географический подзаголовок | Россия |
| Хронологический подзаголовок | 20 в. |
| Формальный подзаголовок | Ноты |
| Код системы | nlr_sh |
| 606 1# - НАИМЕНОВАНИЕ ТЕМЫ КАК ПРЕДМЕТ | |
| Наименование темы | Советский балет |
| Географический подзаголовок | СССР |
| Хронологический подзаголовок | 20 в. |
| Формальный подзаголовок | Ноты |
| Код системы | nlr_sh |
| 606 1# - НАИМЕНОВАНИЕ ТЕМЫ КАК ПРЕДМЕТ | |
| Наименование темы | Советский русский балет |
| Географический подзаголовок | СССР |
| Хронологический подзаголовок | 20 в. |
| Формальный подзаголовок | Ноты |
| Код системы | nlr_sh |
| 606 1# - НАИМЕНОВАНИЕ ТЕМЫ КАК ПРЕДМЕТ | |
| Наименование темы | Российский балет |
| Географический подзаголовок | Россия |
| Хронологический подзаголовок | 20 в. |
| Формальный подзаголовок | Ноты |
| Код системы | nlr_sh |
| 608 ## - ФОРМА, ЖАНР, ФИЗИЧЕСКИЕ ХАРАКТЕРИСТИКИ ДОКУМЕНТА КАК ТОЧКА ДОСТУПА | |
| Начальный элемент ввода | Балет |
| Тематический подзаголовок | Ноты |
| Географический подзаголовок | Россия |
| Хронологический подзаголовок | 20 в. |
| Код системы | nlr_sh |
| 686 ## - ИНДЕКСЫ ДРУГИХ КЛАССИФИКАЦИЙ | |
| Индекс | Щ972(2)П |
| Издание | LBC/SL |
| Код системы | |
| 702 #1 - ИМЯ ЛИЦА - ВТОРИЧНАЯ ОТВЕТСТВЕННОСТЬ | |
| Связь между полями | z01790 |
| Начальный элемент ввода | Ивановский |
| Часть имени, кроме начального элемента ввода | А. В. |
| Даты | 1881-1968 |
| Расширение инициалов личного имени | Александр Викторович |
| Код отношения | Автор <книги> оперы, балета или другого музыкального произведения |
| 702 #1 - ИМЯ ЛИЦА - ВТОРИЧНАЯ ОТВЕТСТВЕННОСТЬ | |
| Связь между полями | z02790 |
| Начальный элемент ввода | Якубов |
| Часть имени, кроме начального элемента ввода | М. А. |
| Даты | 1936- |
| Расширение инициалов личного имени | Манашир Абрамович |
| Код отношения | Редактор |
| -- | Автор введения, предисловия, примечания и т.п. |
| 790 #1 - ИМЯ ЛИЦА - АЛЬТЕРНАТИВНАЯ ФОРМА | |
| Связь между полями | z01702 |
| Начальный элемент ввода | Ivanovskij |
| Часть имени, кроме начального элемента ввода | A. |
| Даты | 1881-1968 |
| Расширение инициалов личного имени | Aleksandr |
| Код отношения | Автор <книги> оперы, балета или другого музыкального произведения |
| 790 #1 - ИМЯ ЛИЦА - АЛЬТЕРНАТИВНАЯ ФОРМА | |
| Связь между полями | z02702 |
| Начальный элемент ввода | Yakubov |
| Часть имени, кроме начального элемента ввода | M. |
| Даты | 1936- |
| Расширение инициалов личного имени | Manashir |
| Код отношения | Редактор |
| -- | Автор введения, предисловия, примечания и т.п. |
| 801 #0 - ИСТОЧНИК ЗАПИСИ | |
| Страна | Российская Федерация |
| Организация | NLR |
| Дата составления | 20161216 |
| Правила каталогизации | PSBO |
| 801 #1 - ИСТОЧНИК ЗАПИСИ | |
| Страна | Российская Федерация |
| Организация | NLR |
| Дата составления | 20161216 |
| Источник данных | rusmarc |
| 801 #2 - ИСТОЧНИК ЗАПИСИ | |
| Страна | Российская Федерация |
| Организация | NLR |
| Дата составления | 20220607 |
| 852 ## - МЕСТОНАХОЖДЕНИЕ И ШИФР ХРАНЕНИЯ | |
| Идентификатор организации | NLR |
| Шифр хранения (Call Number) | М 950-3/Ш.799(60а) |
| Идентификатор единицы | МОЭ 2011-23н/272н |
| Номер экземпляра | 1 |
| 942 ## - ДОПОЛНИТЕЛЬНЫЕ ЭЛЕМЕНТЫ ЗАПИСИ (АБИС) | |
| Тип экземпляра АБИС | Выпуск |
| 980 ## - КОЛЛЕКЦИЯ | |
| Название коллекции | Отдел нот и звукозаписей |
| 980 ## - КОЛЛЕКЦИЯ | |
| Название коллекции | Национальная библиография |
Нет доступных экземпляров.